000
00344 a2200169 4500
001
56422
020
_a
8526247271
040
_c
Anchieta - Pituba
100
_a
Alencar, José de
240
1
0
_a
O guarani
_l
por
245
1
0
_a
O guarani
300
_a
87
362
0
_a
2003
440
1
_a
Scipione
650
4
_a
Literatura juvenil
942
_c
BK
999
_c
56422
_d
56422